000
00316nam a22001337a 4500
008
181218b xxu||||| |||| 00| 0 eng d
020
_a
9780683045833
041
_a
eng
080
_2
2nd
_a
159.9
100
_a
50
101
_a
PSI
245
_a
Pocket Handbook of Clinical Psychaitry
_c
Kaplan,H,I
942
_2
udc
_c
BK
999
_c
53370
_d
53370